Normal view
MARC view
- Abdullah Tariq
Entry Personal Name
001 - CONTROL NUMBER
- control field: 15626
003 - CONTROL NUMBER IDENTIFIER
- control field: NUST
005 - DATE AND TIME OF LATEST TRANSACTION
- control field: 20190626101041.0
008 - FIXED-LENGTH DATA ELEMENTS
- fixed length control field: 190626|| aca||aabn | a|a d
040 ## - CATALOGING SOURCE
- Original cataloging agency: NUST
- Transcribing agency: NUST
100 ## - HEADING--PERSONAL NAME
- Personal name: Abdullah Tariq
670 ## - SOURCE DATA FOUND
- Source citation: Work cat.: (NUST): Abdullah Tariq, 3D Digitization and Mapping of Heritage Monuments Using Low Cost Light Weight Unmanned Aerial Vehicle (UAV)/, 2018.
